1655 1545 1149 1973 1130 1371 1043 1485 1378 1404 1835 1126 1667 1431 1165 1569 1409 1908 1728 1275 1672 1282 1454 1403 1095 1183 1384 1679 1304 1820 1085 1290 1503 1053 1078 1087 1974 1465 1137 1261 1674 1163 1755 1108 1952 1529 1316 1531 1018 1048 1913 1848 1506 1314 1179 1876 1020 1911 1881 1835 1947 1869 1184 1080 1983 1299 1265 1781 1458 1414 1672 1491 1329 1467 1420 1042 1666 1629 1309 1052 1838 1186 1498 1874 1063 1593 1578 1427 1485 1117 1196 1272 1069 1713 1610 1671 1116 1550 1825 BCNSPRNW ULIB Ver.6.0+V

เปลี่ยนเป็นภาษาไทย

Change to English
 แสดงรายละเอียดบรรณานุกรม
  กลับหน้าหลัก

Brief Record : Get Marc (ISO 2709) : E-mail record : QR code < ปิดหน้าต่าง
LEADER : 00000nam 2200000uu 4500
001    13399110183
003     ULIB
008    110425s2551||||th 000 0 tha d
020    9789741096558
060 04 WK810^bส293น 2551
245 00 แนวทางเวชปฏิบัติสำหรับโรคเบาหวาน พ.ศ. 2551 /^cจัดทำโดยสมาคมโรคเบาหวานแห่งประเทศไทย, สมาคมโรคต่อมไร้ท่อแห่งประเทศไทย, สำนักงานหลักประกันสุขภาพแห่งชาติ ; คณะทำงานจัดทำ, วรรณี นิธิยานันท์ ... [และคนอื่นๆ]
250    พิมพ์ครั้งที่ 1
260    กรุงเทพฯ :^bรุ่งศิลป์การพิมพ์,^c2551
300    ก-ซ, 75 หน้า :^bภาพประกอบ ;^c30 ซม.
650  7 เบาหวาน^xการรักษา
700 0  วรรณี นิธิยานันท์
710 2  สมาคมโรคเบาหวานแห่งประเทศไทย
710 2  สมาคมโรคต่อมไร้ท่อแห่งประเทศไทย
710 2  สำนักงานหลักประกันสุขภาพแห่งชาติ
945    ^p0^l0^i025743
945    ^p0^l0^i025742
995    ทศพร
999 ^a ใช้งานได้ทุกระบบ
รายการนี้ยังไม่มีแท็ก
คุณยังไม่ได้ล็อกอิน คุณสามารถมีกิจกรรมร่วมกับเว็บไซต์ได้ แต่ต้องล็อกอินก่อน ::
  ล็อกอิน

รายการสื่อสารสนเทศ

ลำดับที่ ประเภท เลขเรียก/บาร์โค้ด สถานที่ สถานะ
- ไม่พบข้อมูล -

รายการใกล้เคียง
    หัวเรื่อง [เบาหวาน การรักษา]

BibComment


ยังไม่เคยถูกคอมเมนท์

คอมเมนท์ทรัพยากรรายการนี้
  คอมเมนท์: แนวทางเวชปฏิบัติส..


 Copyright 2026. Bcnsprnw @Library